000 00398 a2200169 4500
001 187011
020 _a85-01-05699-5
040 _cMagnum
100 _aAquino, Rubim Santos Leao de
240 1 0 _aHistória das sociedades americanas
_lpor
245 1 0 _aHistória das sociedades americanas
300 _a764
362 0 _a2005
440 1 _aRecord
697 _aHISTÓRIA GERAL
942 _cBK
999 _c187011
_d187011